Mort Subite - Les Caméos dans les films Disney - Statistiques

Statistiques générales
  • Ce quiz a été pris 300 fois
    239 depuis la dernière actualisation
  • Le résultat moyen est 6 sur 40
Answers on the Grid
Answers color-coded by a green-red scale on the quiz's grid according to % correct below.
Aurore dans "La petite Sirène"
Bambi dans "Les aventures de Bernard et Bianca"
Belle dans "Aladdin"
Belle dans "Le Bossu de Notre Dame"
Bill le lézard dans "Basil Détective Privé"
Bing Bong dans "Les Indestructibles 2"
Dingo dans "Aladdin"
Dingo dans "Kuzco l'empereur mégalo"
Dumbo dans "Basil Détective Privé"
Dumbo dans "Lilo et Stitch"
Gusteau dans "Cars 2"
Hans dans "Les nouveaux héros"
Iago dans "Tarzan"
Jessy dans "Monstres et Cie"
Jock dans "Le Roi Lion"
Jock dans "Les 101 dalmatiens"
Jock dans "Oliver et Compagnie"
La Bête dans "Aladdin"
La lampe du génie dans "Vaïana"
La mère de Bambi dans "Le livre de la jungle"
Lady et Le Clochard dans "Les 101 dalmatiens"
Le chien de Mulan dans "Tarzan"
Le Lapin Blanc dans "Merlin l'enchanteur"
Le libraire de la Belle et la bête dans "Lilo et Stitch"
Le Roi et le Grand Duc dans "La petite Sirène"
Le Roi Louis dans "Le roi lion"
Le Roi Stéphane dans "La Belle et la Bête"
Le Tapis dans "La Princesse et la Grenouille"
Le Tapis dans "Le Bossu de Notre Dame"
Lotso dans "La-Haut"
Lucifer dans "Oliver et compagnie"
Mickey dans la majorité des films Disney
Mme Samovar dans "Tarzan"
Mulan dans "Lilo et Stitch"
Nemo dans "Monstres et Cie"
Nick Wilde dans "Avalonia"
Pedro l'avion dans "Cars 3"
Peter Pan dans "La planète au trésor"
Pinocchio dans "Aladdin"
Pinocchio dans "Raiponce"
Polochon dans "Vaïana"
Pongo dans "Oliver et Compagnie"
Prof dans "Oliver et Compagnie"
Pumba dans "Le bossu de Notre-dame"
Raiponce dans "La Reine des neiges"
Ratigan dans "Oliver et Compagnie"
Riley dans "Le monde de Dory"
Rufus dans "Le Roi Lion"
Sabor dans "Zootopie"
Scar dans "Hercule"
Sébastien dans "Aladdin"
Stitch dans "La planète au trésor"
Stitch dans "Les nouveaux héros"
Sully dans "Rebelle"
Sven dans "Vaïana"
Tamatoa dans "Raya et le dernier dragon"
Triton dans "La princesse et la grenouille"
Truc et Muche dans "Zootopie"
Un des nains dans "La Belle au bois Dormant"
Winnie l'Ourson dans "Lilo et Stitch"
 
Statistiques - réponses
Réponse % Correct
Belle dans "Le Bossu de Notre Dame"
37%
Raiponce dans "La Reine des neiges"
35%
Aurore dans "La petite Sirène"
29%
Scar dans "Hercule"
28%
Mickey dans la majorité des films Disney
27%
Bambi dans "Les aventures de Bernard et Bianca"
26%
Mme Samovar dans "Tarzan"
26%
Nemo dans "Monstres et Cie"
23%
Sven dans "Vaïana"
22%
La lampe du génie dans "Vaïana"
19%
Polochon dans "Vaïana"
19%
Jessy dans "Monstres et Cie"
18%
La Bête dans "Aladdin"
17%
Lotso dans "La-Haut"
17%
Dumbo dans "Lilo et Stitch"
15%
Lady et Le Clochard dans "Les 101 dalmatiens"
15%
Sébastien dans "Aladdin"
15%
Sully dans "Rebelle"
15%
Bill le lézard dans "Basil Détective Privé"
14%
Hans dans "Les nouveaux héros"
14%
Gusteau dans "Cars 2"
13%
Le Tapis dans "La Princesse et la Grenouille"
13%
Riley dans "Le monde de Dory"
13%
Dingo dans "Aladdin"
12%
Pumba dans "Le bossu de Notre-dame"
12%
Jock dans "Les 101 dalmatiens"
11%
Le Roi et le Grand Duc dans "La petite Sirène"
10%
Le Tapis dans "Le Bossu de Notre Dame"
10%
Mulan dans "Lilo et Stitch"
10%
Pinocchio dans "Raiponce"
10%
La mère de Bambi dans "Le livre de la jungle"
9%
Pinocchio dans "Aladdin"
9%
Dumbo dans "Basil Détective Privé"
8%
Le chien de Mulan dans "Tarzan"
8%
Jock dans "Le Roi Lion"
6%
Jock dans "Oliver et Compagnie"
6%
Pongo dans "Oliver et Compagnie"
5%
Stitch dans "La planète au trésor"
5%
Triton dans "La princesse et la grenouille"
3%
Ratigan dans "Oliver et Compagnie"
2%
Aucun quiz correspondant
Distribution des résultats
% des personnes avec chaque résultat
Percentile par nombre de réponses
Votre historique - résultats
Vous n’avez pas pris ce quiz depuis la dernière actualisation